00580 2200217 4500001002100000005001500021035002000036245007000056100001700126250000600143300003500149700001800184260003700202082001000239084001600249020002200265650002400287990001700311990001700328990001700345INLIS00000000000013420180830030610 a0010-08180000981 aMembuat Mainan dari Kertas /cNurul Ikhsan; Editor, Ahmad Dimyati0 aNurul Ikhsan a- avi, 58 hlm. :bilus. ;c21 cm.0 aAhmad Dimyati aBandung :bCV Citra Praya,c2009 a745.5 a745.5 NUR m a978+979+035-000-7 aKeterampilan Tangan a00569/P/2018 a00570/P/2018 a00571/P/2018